Normal view
MARC view
- Guadarrama González, Pablo,
Entry Nombre Personal
001 - NUMERO DE CONTROL
- campo de control: 34707
003 - IDENTIFICADOR DE NUMERO DE CONTROL
- campo de control: UPN
005 - FECHA Y HORA DE LA ÜLTIMA TRANSACCIÓN
- campo de control: 20210219194456.0
008 - DATOS DE LONGITUD FIJA
- campo de control de longitud fija: nabaccnnaabn|||||||||| b |nc|||||d
035 ## - NUMERO DE CONTROL
- Número de control: UPN11000006814
040 ## - FUENTE DE CATALOGACIÓN
- Lenguaje de catalogación: SPA
- Agencia de transcripción: UPN
100 1# - ENCABEZAMIENTO - NOMBRE PERSONAL
- Nombre personal: Guadarrama González, Pablo,
- Fechas asociadas con el nombre: 1949-
670 ## - FUENTE EN LA QUE SE LOCALIZARON DATOS
- Cita de la fuente: T
- Uniform Resource Identifier: http://www.buenastareas.com/ensayos/Pablo-Guadarrama-Gonz%c3%a1lez/31560571.html
680 ## - NOTA PUBLICA DE ACCESO PÚBLICO
- Frase explicativa de la referencia: Académico Titular de la Academia de Ciencias de Cuba. Doctor en Ciencias (Cuba) y Doctor en Filosofía (Leipzig). Profesor Titular de la Cátedra de Pensamiento Latinoamericano de la Universidad Central de Las Villas, Santa Clara
902 ## - CATALOGADOR
- Catalogador: MCM/280114
